00964nai a2200217Ia 4500003000900000008004100009022002200050022002300072040001600095245007200111260008600183310001300269362002800282521006900310650004700379650004400426856009000470942000700560999001700567952016200584IN-BaIIA211028c9999 xx s 000 0 eng d a0097-4544 (Print) a1558-2450 (Online) cIIA Library 0aIEEE Transactions on Product Engineering and Productionh[eJournal] aNew York, USAbThe Institute of Electrical and Electronics Engineers, Inc. (IEEE) aAnnually a7(1); 1963 - 9(1); 1965 bSubscribed through National Knowledge Resource Consortium (NKRC) a Components, Circuits, Devices and Systems aPower, Energy and Industry Applications uhttps://ieeexplore.ieee.org/servlet/opac?punumber=8224yClick Here to Access eJournal cEJ c34723d34723 00104070aBANbBANd2009-01-01eNKRCh7(1); 1963 - 9(1); 1965l0pEJ807r2021-11-05uhttps://ieeexplore.ieee.org/servlet/opac?punumber=8224w2021-11-05yEJ